000 00712nam a2200241 a 4500
001 BRCA_7938
005 20190320210047.0
008 070314s1971----mx-####f##---#000-0#spa-#
041 _aspa
044 _amx
050 4 _aRA781.15
_b.C66
_c1971
100 1 _aCooper, Kenneth H.
_919654
245 1 0 _aAerobics
_bejercicios aeróbicos
_cKenneth H. Cooper ; introducción por Richard L. Bonhannon.
260 _aMéxico
_bDiana
_c1971
300 _a255 p.
_bil. tablas
_c22 cm.
500 _a3026
650 1 4 _aEjercicio
_vAeróbico
_919655
650 1 4 _aEjercicio
_vGimnástico
_919656
650 1 4 _aEducación física
_919657
700 1 _aBonhannon, Richard L.
_eintr.
_919658
902 _aGFM
942 _2lcc
_cB
999 _c7608
_d7608